LDR 00788naa#a2200205#i#450# 001 EN\\bibl\124526 005 20260602074556.2 011 ## _a2588-0209 100 ## _a20260601b2026####ek#y0engy0150####ca 102 ## _aRU 200 1# _aENERGY SAVING OF THE RUNNING SYSTEM OF A WIDE-RANGE SPRINKLER MACHINE _eJournal article 210 1# _aMoscow _cElectronic science _d2026 215 ## _a24 с. 608 ## _aJournal article _2local 675 ## _aУстройства для опрыскивания. Дождевальные аппараты. Стволы дождевальных аппаратов. Насадки. 631.347.3 _z 700 #1 _aRyazantsev _gAnatoly Ivanovich 700 #1 _aEvseev _gEvgeniy Yur'evich 700 #1 _aAntipov _gAlexey Olegovich 700 #1 _aMal'ko _gIgor' Valer'evich 856 4# _aiacj.ru _u